=LDR 00000nam 2200000 4500 =001 INLIS000000000026005 =005 20140704152523.0 =006 =007 =008 ind =035 ##$$a 0010-061300000026005 =041 ##$$a ind =082 ##$$a F Rom K =090 ##$$a F Rom K, HAR c =100 ##$$a Haryo, A. Rahartati Bambang =245 ##$$a Celaka karena lalai, A. Rahartati Bambang Haryo =260 ##$$a Yogyakarta $b Kanisius $c 1994 =300 ##$$a 20 hlm., Ilus., 15 cm =650 ##$$a Fiksi Anak =850 ##$$a NBPNMAT =990 ##$$a 0001/BPAP-NTB/20142014